Canciones de Lady Gaga - Estadísticas

Estadísticas generales
  • Esta prueba ha sido intentada 359 veces
  • La puntuación promedio es 28 de 83
Estadísticas de respuestas
Hint Respuesta % Correcto
Born This Way Born This Way
91%
The Fame Poker Face
87%
The Fame Monster Bad Romance
83%
The Fame Monster Alejandro
78%
Born This Way Judas
69%
The Fame Just Dance
69%
The Fame Paparazzi
69%
The Fame Monster Telephone
69%
Chromatica Rain On Me
65%
Artpop Applause
61%
The Fame The Fame
54%
Joanne Joanne
53%
Born This Way The Edge Of Glory
52%
Artpop ARTPOP
51%
Joanne Million Reasons
50%
Born This Way Bloody Mary
49%
The Fame LoveGame
49%
Chromatica 911
46%
The Fame Monster Monster
46%
Artpop G.U.Y.
43%
Born This Way Marry The Night
41%
Chromatica Sour Candy
39%
Chromatica Stupid Love
39%
Born This Way Yoü And I
38%
Chromatica Alice
37%
Joanne Perfect Illusion
36%
Artpop Venus
35%
The Fame Eh, Eh (Nothing Else I Can Say)
33%
The Fame Monster Teeth
33%
Born This Way Americano
31%
Artpop Aura
31%
Born This Way Hair
31%
Joanne John Wayne
31%
Chromatica Babylon
30%
The Fame Boys Boys Boys
30%
Artpop Fashion!
30%
The Fame Monster Dance In The Dark
29%
The Fame Monster Speechless
29%
Artpop Donatella
28%
Born This Way Scheiße
28%
Chromatica Sine From Above
28%
The Fame Monster So Happy I Could Die
28%
Chromatica 1000 Doves
27%
Born This Way Government Hooker
27%
Born This Way Heavy Metal Lover
26%
Chromatica Replay
26%
Chromatica Enigma
25%
Chromatica Free Woman
25%
The Fame Summerboy
25%
Joanne A-Yo
24%
The Fame Beautiful, Dirty, Rich
24%
The Fame Brown Eyes
24%
Artpop Do What U Want
24%
Artpop Swine
23%
Born This Way Electric Chapel
22%
Artpop Gypsy
22%
Artpop MANiCURE
22%
Chromatica Plastic Doll
22%
Joanne Diamond Heart
21%
Artpop Dope
21%
Born This Way Highway Unicorn (Road To Love)
21%
Artpop Mary Jane Holland
21%
Joanne Angel Down
20%
The Fame Disco Heaven
20%
Chromatica Fun Tonight
20%
Born This Way Black Jesus + Amen Fashion
19%
Joanne Dancin' In Circles
19%
The Fame Money Honey
19%
Born This Way Bad Kids
18%
Artpop Jewels N' Drugs
18%
Artpop Sexxx Dreams
18%
The Fame Starstruck
18%
Joanne Come To Mama
17%
Joanne Hey Girl
17%
The Fame Paper Gangsta
17%
Born This Way The Queen
17%
Born This Way Fashion Of His Love
16%
The Fame I Like It Rough
15%
Joanne Grigio Girls
14%
Joanne Sinner's Prayer
13%
The Fame Retro, Dance, Freak
11%
Joanne Just Another Day
10%
The Fame Again Again
7%
No se encontraron pruebas coincidentes
Distribución de puntuación
Porcentaje de gente con cada puntuación
Porcentaje por número respondido
Historial de tus puntuaciones
No has intentado esta prueba.